Tri strany jednej mince
Odborná príprava kvalifikovaných pracovníkov - jeden z kľúčových faktorov, ktorý ovplyvní vývoj slovenskej ekonomiky v najbližšej budúcnosti. Odborné školstvo a vzdelávanie sú v súčasnosti v kritickej situácii. Pomôže im pripravovaný zákon o odbornom vzdelávaní? Zamestnávatelia a ich vplyv na rozvoj...
Gespeichert in:
| 1. Verfasser: | |
|---|---|
| Weitere Verfasser: | |
| Format: | Buchkapitel |
| Sprache: | Slowakisch |
| Schlagworte: | |
| Tags: |
Keine Tags, Fügen Sie das erste Tag hinzu!
|
MARC
| LEADER | 00000naa$a2200000$$$4500 | ||
|---|---|---|---|
| 001 | 0083762 | ||
| 005 | 20231009111016.3 | ||
| 041 | 0 | |a slo | |
| 044 | |a SK | ||
| 245 | 1 | 0 | |a Tri strany jednej mince |c Jozef Hübel, Peter Marianyi |
| 520 | |a Odborná príprava kvalifikovaných pracovníkov - jeden z kľúčových faktorov, ktorý ovplyvní vývoj slovenskej ekonomiky v najbližšej budúcnosti. Odborné školstvo a vzdelávanie sú v súčasnosti v kritickej situácii. Pomôže im pripravovaný zákon o odbornom vzdelávaní? Zamestnávatelia a ich vplyv na rozvoj odborného školstva. Financovanie odborného vzdelávania. | ||
| 610 | 2 | 0 | |a školy odborné |
| 610 | 2 | 0 | |a pracovníci odborní |
| 610 | 2 | 0 | |a vzdelávanie |
| 610 | 2 | 0 | |a trh práce |
| 610 | 2 | 0 | |a zamestnávatelia |
| 610 | 2 | 0 | |a financovanie |
| 610 | 2 | 0 | |a Slovensko |
| 100 | 1 | |a Hübel, Jozef | |
| 700 | 1 | |a Marianyi, Peter | |